| 000 | 00369pab a2200145 454500 | ||
|---|---|---|---|
| 008 | 180718b2013 xxu||||| |||| 00| 0 eng d | ||
| 100 | _aGinty, Roger Mac | ||
| 245 | _aThe local turn in peace building: A critical agenda for peace | ||
| 260 | _c2013 | ||
| 300 | _ap.763-783. | ||
| 650 | _aPeace | ||
| 773 | _aThird World Quarterly | ||
| 908 | _aN | ||
| 909 | _a100970 | ||
| 999 |
_c100969 _d100969 |
||